<?xml version="1.0" encoding="UTF-8"?>
<marc:record xmlns:marc="http://www.loc.gov/MARC21/slim">
   <marc:leader>00000nam a2200000 a 4500</marc:leader>
   <marc:datafield ind1="1" ind2=" " tag="100">
      <marc:subfield code="a">Jordan, Toni</marc:subfield>
      <marc:subfield code="4">aut</marc:subfield>
      <marc:subfield code="e">Verfasser/-in</marc:subfield>
   </marc:datafield>
   <marc:datafield ind1="1" ind2=" " tag="100">
      <marc:subfield code="a">Jakobeit, Brigitte</marc:subfield>
      <marc:subfield code="4">trl</marc:subfield>
      <marc:subfield code="e">Übersetzer/-in</marc:subfield>
   </marc:datafield>
   <marc:datafield ind1="0" ind2="0" tag="245">
      <marc:subfield code="a">Tausend kleine Schritte</marc:subfield>
   </marc:datafield>
   <marc:datafield ind1="0" ind2="0" tag="245">
      <marc:subfield code="b">Roman</marc:subfield>
   </marc:datafield>
   <marc:datafield ind1="0" ind2="0" tag="245">
      <marc:subfield code="c">Toni Jordan. Aus dem austral. Engl. von Brigitte Jakobeit</marc:subfield>
   </marc:datafield>
   <marc:datafield ind1=" " ind2="1" tag="264">
      <marc:subfield code="a">München [u.a.]</marc:subfield>
      <marc:subfield code="b">Piper</marc:subfield>
      <marc:subfield code="c">2009</marc:subfield>
   </marc:datafield>
   <marc:datafield ind1=" " ind2=" " tag="250">
      <marc:subfield code="a">3. Aufl.</marc:subfield>
   </marc:datafield>
   <marc:datafield ind1="1" ind2=" " tag="520">
      <marc:subfield code="a">Preisgekrönter skurriler Roman um Grace Lisa Vandenburg, eine originelle frühpensionierte Lehrerin aus Melbourne mit einem Faible für Zahlen. Seit ihrem 8. Lebensjahr zählt sie alles, was ihr begegnet, um die Dimensionen ihrer Welt zu vermessen. Das Zählen wurde zum Gerüst ihres Lebens und half ihr, ständig Klassenbeste zu werden. Doch als sie ihre Zahlenbesessenheit an ihre Schüler weitergeben will, protestieren deren Eltern. So lebt sie als Single und zählt jeden Tag die Mohnkörner in ihrem Orangenkuchen. Bis sie eines Tages von dem Arbeitslosen Seamus Joseph O'Reilly zu einem Date eingeladen wird. Obwohl es eine Herausforderung für sie wird, für ihn eine Lücke in ihrem streng regulierten Alltag zu finden, lässt sie sich auf ihn ein. Auch Seamus hat seine Probleme. Aber da er auch einfühlsam und geduldig ist, überredet er sie zu einer Therapie und findet nach einigen Irrwegen sogar die verdrängte Ursache für ihren Zählzwang heraus: den tödlichen Unfall ihres Bruders.</marc:subfield>
   </marc:datafield>
   <marc:datafield ind1=" " ind2=" " tag="020">
      <marc:subfield code="a">9783492052221</marc:subfield>
      <marc:subfield code="9">9783492052221</marc:subfield>
   </marc:datafield>
   <marc:datafield ind1=" " ind2=" " tag="041">
      <marc:subfield code="a">ger</marc:subfield>
   </marc:datafield>
   <marc:datafield ind1="1" ind2=" " tag="521">
      <marc:subfield code="a">0</marc:subfield>
   </marc:datafield>
   <marc:datafield ind1=" " ind2=" " tag="300">
      <marc:subfield code="a">270 S.</marc:subfield>
   </marc:datafield>
</marc:record>
